| 000 | nam a22 7a 4500 | ||
|---|---|---|---|
| 999 |
_c329441 _d329441 |
||
| 003 | Nust | ||
| 005 | 20170507130449.0 | ||
| 008 | 170507b xxu||||| |||| 00| 0 eng d | ||
| 020 | _a 978-14-1294565-3 | ||
| 040 | _cDLC | ||
| 082 | _a910.285 COP | ||
| 100 |
_aCope,Meghan _999 |
||
| 245 | _aQualitative GIS : | ||
| 260 |
_aThousand Oaks, CA : _bSage, |
||
| 300 | _ax, 182 p. : | ||
| 942 |
_2ddc _cBK |
||